Catalog

Record Details

Catalog Search



Test and Analysis of Web Services Cover Image E-book E-book

Test and Analysis of Web Services [electronic resource] / edited by Luciano Baresi, Elisabetta Di Nitto.

Record details

  • ISBN: 9783540729129
  • Physical Description: online resource.
  • Publisher: Berlin, Heidelberg : Springer Berlin Heidelberg, 2007.
Subject: Computer science.
Computer system performance.
Software engineering.
Information systems.
Computer Science.
Information Systems Applications (incl.Internet).
Software Engineering.
System Performance and Evaluation.

Electronic resources


LDR 01528nam a22004215i 4500
00134029
003CONS
00520131218213707.0
007cr nn 008mamaa
008100301s2007 gw | s |||| 0|eng d
020 . ‡a9783540729129 ‡9978-3-540-72912-9
0247 . ‡a10.1007/978-3-540-72912-9 ‡2doi
035 . ‡a(DE-He213)978-3-540-72912-9
050 4. ‡aQA76.76.A65
072 7. ‡aUNH ‡2bicssc
072 7. ‡aUDBD ‡2bicssc
072 7. ‡aCOM032000 ‡2bisacsh
1001 . ‡aBaresi, Luciano. ‡eeditor.
24510. ‡aTest and Analysis of Web Services ‡h[electronic resource] / ‡cedited by Luciano Baresi, Elisabetta Di Nitto.
264 1. ‡aBerlin, Heidelberg : ‡bSpringer Berlin Heidelberg, ‡c2007.
300 . ‡bonline resource.
336 . ‡atext ‡btxt ‡2rdacontent
337 . ‡acomputer ‡bc ‡2rdamedia
338 . ‡aonline resource ‡bcr ‡2rdacarrier
347 . ‡atext file ‡bPDF ‡2rda
650 0. ‡aComputer science.
650 0. ‡aComputer system performance.
650 0. ‡aSoftware engineering.
650 0. ‡aInformation systems.
65014. ‡aComputer Science.
65024. ‡aInformation Systems Applications (incl.Internet).
65024. ‡aSoftware Engineering.
65024. ‡aSystem Performance and Evaluation.
7001 . ‡aNitto, Elisabetta Di. ‡eeditor.
7102 . ‡aSpringerLink (Online service)
7730 . ‡tSpringer eBooks
77608. ‡iPrinted edition: ‡z9783540729112
85640. ‡uhttp://biblioteca.ipicyt.edu.mx:2048/login?url=http://dx.doi.org/10.1007/978-3-540-72912-9 ‡yTexto completo ‡9CONS
950 . ‡aComputer Science (Springer-11645)
901 . ‡a34029 ‡b ‡c34029 ‡tbiblio ‡sSystem Local

Additional Resources